000 00406nam a2200157Ia 4500
008 230711s9999||||xx |||||||||||||| ||und||
041 _aENG
082 _a621.3
_bLE-E
100 _aLeach,Donald P
245 0 _aExperiments in digital principles
250 _a1st Ed.
260 _c1986
_aNew Delhi
_bTata McGraw Hill Education Limited
300 _a200
650 _aElectronics Engineering
942 _cBK
999 _c3307
_d3307